000 00900nam a2200217 u 4500
001 000228128
003 AM-YeHGA
005 20250618071543.0
008 030523s1944 ai r 000 0 arm d
040 _aAM-YeHGA
100 1 _aՍենկևիչ, Հենրիկ,
_d1846-1916
_95647
245 1 0 _aԲարթեկ հաղթողը :
_b[Պատմվածք] /
_cՀ. Սենկեվիչ; Թարգմ.՝ Վ. Միրաքյան; Խմբ.՝ Հ. Կարապետյան; Առաջաբ. հեղ.՝ Ն. Գրեկով.
260 _aԵրևան :
_bՀայպետհրատ,
_c1944.
300 _a61 էջ ;
_c14 սմ.
650 1 4 _aԼեհական գրականություն
_xՊատմվածք
700 1 _aՄիքայելյան, Վահե Միքայելի,
_d1900-1967
_eթարգմ.
_4trl
_91704
700 1 _aԿարապետյան, Հ.
_eխմբ.
_4edt
700 1 _aԳրեկով, Ն.
_eառաջաբ.
_4aui
942 _2udc
_cBK
090 _c81525
999 _c80257
_d80257